00365 2200145 4500001002100000005001500021035002000036245004400056100002200100250001000122300002300132260003600155082001100191084001700202INLIS00000000000009920220524091333 a0010-05220000991 aPilar Pilar Iman /cMuhammad Al-Ghazali0 aGhazali, Muhammad acet.1 a247 hlm. ;c18 cm. aSurabaya :bMedia Idaman,c1989 a297.08 a297.08 GHA p